Misbehaving <The> Making of Behavioural Economics

Na minha lista:
Detalhes bibliográficos
Autor principal: Thaler, Richard H.
Formato: Livro
Idioma:inglês
Publicado em: London Penguin Books 2016
Assuntos:
Tags: Adicionar Tag
Sem tags, seja o primeiro a adicionar uma tag!

MARC

LEADER 00000nam a2200000 4500
001 0249367
005 20240312115846.7
020 |a 978-0-241-95122-4 
041 0 |a eng 
044 |a GB 
245 1 0 |a Misbehaving  |b <The> Making of Behavioural Economics  |c Richard H. Thaler 
264 1 |a London  |b Penguin Books  |c 2016 
300 |a 415 s. 
610 2 0 |a ekonómia behaviorálna 
610 2 0 |a trh 
610 2 0 |a správanie 
610 2 0 |a psychológia 
610 2 0 |a financie 
610 2 0 |a rozhodovanie 
610 2 0 |a podnikanie 
100 1 |a Thaler, Richard H.